The posing of the parts, or, A most plain and easie way of examining the accidence and grammar, by questions and answers, arrising directly out of the words of the rules : whereby all scholars may attain most speedily to the perfect learning, full understanding, and right use thereof for their happy proceeding in the Latine tongue. Gathered purposely for the benefit of schools, and for the use and delight of masters and scholars.

Bibliographic Details
Main Author: Brinsley, John, fl. 1581-1624
Format: eBook
Language:English
Published: London : Printed for H. Herringman, T. Basset, N. Raven, J. Wright, R. Chiswell, J. Robinson, H. Sawbridge, 1682.
Edition:14th ed., corrected and inlarged with most of the necessary questions inserted, both out of our Latine syntaxis and other authors, which are wanting in our English rules.
Series:Early English books online.
Subjects:
Online Access:Connect to the full text of this electronic book

MARC

Tag First Indicator Second Indicator Subfields
LEADER 00000nam a2200000Ia 4500
001 in00004334521
005 20200812093530.0
006 m g d
007 cr bn |||a|bb|
008 060530s1682 enk o 000 0 eng d
035 |a (OCoLC)69648536 
040 |a UMI  |c UMI  |e dcrb 
037 |a CL0037000127  |b ProQuest Information and Learning. 300 N. Zeeb Rd., Ann Arbor, MI 48106 
090 |a PA2084  |b .B74 1682 
049 |a UMIA 
100 1 |a Brinsley, John,  |d fl. 1581-1624. 
245 1 4 |a The posing of the parts, or, A most plain and easie way of examining the accidence and grammar, by questions and answers, arrising directly out of the words of the rules :  |b whereby all scholars may attain most speedily to the perfect learning, full understanding, and right use thereof for their happy proceeding in the Latine tongue. Gathered purposely for the benefit of schools, and for the use and delight of masters and scholars. 
246 3 0 |a Most plain and easie way of examining the accidence and grammar, by questions and answers, arrising directly out of the words of the rules 
250 |a 14th ed., corrected and inlarged with most of the necessary questions inserted, both out of our Latine syntaxis and other authors, which are wanting in our English rules. 
260 |a London :  |b Printed for H. Herringman, T. Basset, N. Raven, J. Wright, R. Chiswell, J. Robinson, H. Sawbridge,  |c 1682. 
300 |a 1 online resource ([8], 148 pages) 
336 |a text  |b txt  |2 rdacontent 
337 |a computer  |b c  |2 rdamedia 
338 |a online resource  |b cr  |2 rdacarrier 
500 |a Attributed to John Brinsley. Cf. Wing (2nd edition). 
500 |a Errors in pagination: pages 80, 81, 84 and 85 are repeated in pagination. 
500 |a Reproduction of original in: Massachusetts Historical Society Library. 
510 4 |a Wing (2nd edition)  |c B4703B 
533 |a Electronic reproduction.  |b Ann Arbor, Mich. :  |c UMI,  |d 1999-  |f (Early English books online)  |n Digital version of: (Early English Books, 1641-1700 ; 2877:7)  |7 s1999 miun s 
650 0 |a Latin language  |x Grammar  |y 1500-1800. 
650 0 |a English language  |x Grammar  |y 1500-1800. 
830 0 |a Early English books online. 
856 4 0 |u http://proxy.library.tamu.edu/login?url=https://search.proquest.com/docview/2240862255  |z Connect to the full text of this electronic book  |t 0 
994 |a 02  |b UMI 
999 f f |s 32c62267-c544-3fab-a38f-4848ed1ee606  |i ce67cd1d-628f-34fc-bd1b-2364a023cb9a  |t 0 
952 f f |a Texas A&M University  |b College Station  |c Electronic Resources  |d Available Online  |t 0  |e PA2084 .B74 1682  |h Library of Congress classification 
998 f f |a PA2084 .B74 1682  |t 0  |l Available Online